000 00417cam a22001217a 4500
008 180718b1954 xxu||||| |||| 00| 0 eng d
082 _aK234 In7
245 _aEmployee remuneration and incentives
_cby Institute of Cost and Works Accountants, UK
260 _aLondon
_bInstitute of Cost and Works Accountants
_c1954
300 _a71p.
650 _aWage incentive
700 _aUK. Institute of Cost and Works Accountants
999 _c432201
_d432201